000 00978nam a22002537a 4500
003 CBULib
005 20240813074152.0
008 230817b |||||||| |||| 00| 0 eng d
040 _aCBULib
_bEnglish
_cCBULib
_erda
041 _aeng
050 _aBRE(05)CP/2/82
100 _9624
_aPierce, C.B.
110 _aBuilding Research Establishment (BRE)
_9590
245 _aBuilding research establishment current paper : the analysis of load distribution between rafters in a traditional timber roof structure : part 1 : building and validating a computer model
_c/ by Building Research Establishment(BRE)
260 _bBuilding Research Establishment,
_c[1982]
_aAylesbury :
300 _a31 pages : illustrations
336 _2rdacontent
_aText |
_btxt
337 _2rdamedia
_aUnmediated |
_bn
338 _2rdacarrier
_aVolume
_bnc
650 0 _9625
_aROOFS--TESTING
650 0 _9626
_aROOF--DESIGN AND CONSTRUCTION
700 _9627
_aHarrod, P.S.K.
942 _2mc
_c029
999 _c81265
_d81265